| 000 | 00421nam a2200157Ia 4500 | ||
|---|---|---|---|
| 003 | GCL | ||
| 008 | 140319s9999 xx 000 0 eng d | ||
| 040 |
_aGCL / _cGCL |
||
| 082 | 0 | 4 |
_a747.7 _bM K |
| 100 | 1 | _aMC CLOUD, KEVIN | |
| 245 | 1 | 0 |
_aKEVIN MC CLAVD'S DECORATING BOOK / _cMC CLOUD, KEVIN |
| 260 |
_a[S.N] : _bDARLING KINDERSLEY ، _c1995 |
||
| 300 | _a352 P | ||
| 650 | 0 | 4 | _aRESIDANCES - DECORATING |
| 942 |
_2ddc _cBK |
||
| 999 |
_c25698 _d25698 |
||